000 00894nam a2200217 a 4500
003 0
005 20250603083551.0
008 021121s19uu xx 00 eng d
010 _a-
050 _aPGS HN 49.C6
_b.D366 2000
100 _aDe Luzuriaga, Badir Timothy R.
245 4 _aA survey on the perceptions of the BF homeowners on the effectivity in the delivery of the basic services in the community /
_cBadir Timothy R. De Luzuriaga.
260 _aLas Piñas City, Philippines :
_bSouthville International School and Colleges,
_c2000.
300 _a31 pages :
_billustrations ;
_c28 cm.
504 _aIncludes bibliographical references.
650 _aCommunity development
_zPhilippines.
650 _aPublic services
_vCitizen participation
_zPhilippines.
650 _aHomeowners
_vAttitudes
_zPhilippines.
650 _aBF Homes (Las Piñas City, Philippines).
942 _2lcc
_cPASS
999 _c96344
_d96344